Philippines : Report on the Observance of Standards and Codes-Fiscal Transparency Module.

This report provides an assessment of the Observance of Standards and Codes on Fiscal Transparency Module for the Philippines. The Philippines meets the requirements of fiscal transparency in many important respects. Despite broad adherence to the transparency code, there are some key areas that req...

Descrizione completa

Dettagli Bibliografici
Ente Autore: International Monetary Fund
Natura: Periodico
Lingua:English
Pubblicazione: Washington, D.C. : International Monetary Fund, 2002.
Serie:IMF Staff Country Reports; Country Report ; No. 2002/216
Accesso online:Full text available on IMF
LEADER 01648cas a2200241 a 4500
001 AALejournalIMF002141
008 230101c9999 xx r poo 0 0eng d
020 |c 5.00 USD 
020 |z 9781451831238 
022 |a 1934-7685 
040 |a BD-DhAAL  |c BD-DhAAL 
110 2 |a International Monetary Fund. 
245 1 0 |a Philippines :   |b Report on the Observance of Standards and Codes-Fiscal Transparency Module. 
264 1 |a Washington, D.C. :  |b International Monetary Fund,  |c 2002. 
300 |a 1 online resource (25 pages) 
490 1 |a IMF Staff Country Reports 
500 |a <strong>Off-Campus Access:</strong> No User ID or Password Required 
500 |a <strong>On-Campus Access:</strong> No User ID or Password Required 
506 |a Electronic access restricted to authorized BRAC University faculty, staff and students 
520 3 |a This report provides an assessment of the Observance of Standards and Codes on Fiscal Transparency Module for the Philippines. The Philippines meets the requirements of fiscal transparency in many important respects. Despite broad adherence to the transparency code, there are some key areas that require strengthening. Although the existing responsibilities, procedures, and reporting arrangements are well defined, more efforts are required to enforce them, to clearly define accountabilities, and to take firm and demonstrable corrective action when they are not met. 
538 |a Mode of access: Internet 
830 0 |a IMF Staff Country Reports; Country Report ;  |v No. 2002/216 
856 4 0 |z Full text available on IMF  |u http://elibrary.imf.org/view/journals/002/2002/216/002.2002.issue-216-en.xml  |z IMF e-Library